| 000 | 00764nam a2200241 a 4500 | ||
|---|---|---|---|
| 005 | 20210219153116.0 | ||
| 008 | 991125n 000 0 u | ||
| 035 | _aUPN01000078349 | ||
| 100 | _aCarrera Santacruz, Baldomero | ||
| 222 | _aREVISTA DE LA EDUCACION SUPERIOR | ||
| 245 | _aExamen de admisión a la Universidad Iberoamericana : un programa de evaluación para los aspirantes de primer ingreso | ||
| 300 | _a111-159 | ||
| 362 | _a1983 Vol. 12, no. 3(47) jul.-sep. | ||
| 653 | 0 | _aCRITERIOS DE EVALUACION | |
| 653 | 0 | _aEVALUACION EDUCATIVA | |
| 653 | 0 | _aEXAMEN DE ADMISION | |
| 653 | 0 | _aMATRICULA ESCOLAR | |
| 653 | 0 | _aORIENTACION VOCACIONAL | |
| 653 | 0 | _aUIA | |
| 700 | _aRomo Cedano, Miguel | ||
| 904 |
_aAC _b016160 |
||
| 905 | _aArticulo | ||
| 999 |
_c68659 _d68659 |
||